| 000 | 00422nam a2200181Ia 4500 | ||
|---|---|---|---|
| 001 | 19978 | ||
| 005 | 20260306172732.0 | ||
| 008 | 260306t2004||||xx |||||||||||||| ||spa|| | ||
| 041 | _aESP | ||
| 082 |
_a342.1 _bB24 |
||
| 100 |
_aBarboza, Julio _eAUT |
||
| 245 | 0 | _aDerecho internacional público | |
| 260 | _c2004 | ||
| 300 |
_a750 páginas : _c23 cm. |
||
| 650 | _aGEN | ||
| 654 | _aCDE | ||
| 942 |
_cLIB _dJUS _fJUS _2ddc _n |
||
| 999 |
_c19978 _d19978 |
||